MARC

Tag First Indicator Second Indicator Subfields
LEADER 00000cam a2200000M 4500
001 in00004635477
006 m o d
007 cr |||||||||||
008 181004s2013 xx o 000 0 por d
005 20230103223456.5
035 |a (OCoLC)on1055458587 
040 |a YDX  |b eng  |e pn  |c YDX  |d JSTOR  |d OCLCF  |d OCLCQ  |d OCLCO  |d K6U  |d OCLCO 
020 |a 857541576X  |q (electronic bk.) 
020 |a 9788575415764  |q (electronic bk.) 
035 |a (OCoLC)1055458587 
037 |a 22573/ctv6599jp  |b JSTOR 
043 |a s-bl--- 
050 4 |a GE240.B6  |b I55 2013 
072 7 |a NAT  |x 011000  |2 bisacsh 
082 0 4 |a 363.700981  |2 23 
049 |a TXAM 
245 0 0 |a Injustiça ambiental e saúde no Brasil :  |b o mapa de conflitos /  |c Marcelo Firpo Porto, Tania Pacheco, Jean Pierre Leroy (orgs.). 
260 |a [Place of publication not identified],  |b SCIELO EDITORA FIOCRUZ,  |c 2013. 
300 |a 1 online resource 
336 |a text  |b txt  |2 rdacontent 
337 |a computer  |b c  |2 rdamedia 
338 |a online resource  |b cr  |2 rdacarrier 
650 0 |a Environmental justice  |z Brazil. 
650 0 |a Environmental health  |z Brazil. 
650 0 |a Social conflict  |z Brazil. 
650 0 |a Environmental mapping  |z Brazil. 
650 6 |a Justice environnementale  |z Brésil. 
650 6 |a Cartographie de l'environnement  |z Brésil. 
650 7 |a NATURE  |x Environmental Conservation & Protection.  |2 bisacsh 
650 7 |a Environmental health.  |2 fast  |0 (OCoLC)fst00912999 
650 7 |a Environmental justice.  |2 fast  |0 (OCoLC)fst00913104 
650 7 |a Environmental mapping.  |2 fast  |0 (OCoLC)fst00913208 
650 7 |a Social conflict.  |2 fast  |0 (OCoLC)fst01122378 
651 7 |a Brazil.  |2 fast  |0 (OCoLC)fst01206830 
655 7 |a Electronic books.  |2 local 
710 2 |a JSTOR (Organization) 
856 4 0 |u https://www.jstor.org/stable/10.7476/9788575415764  |z Connect to the full text of this electronic book  |t 0 
955 |a JSTOR Open Access ebooks 
994 |a 92  |b TXA 
999 f f |s f603ed10-38cd-4239-ab12-708b8b933515  |i cb72e01e-3483-4703-a4ef-f1f8fa85eea4  |t 0 
952 f f |a Texas A&M University  |b College Station  |c Electronic Resources  |d Available Online  |t 0  |e GE240.B6 I55 2013  |h Library of Congress classification 
998 f f |a GE240.B6 I55 2013  |t 0  |l Available Online